Представление документа в формате RUSMARC

ПолеНазваниеЗначение
  Тип записи a
  Библиографический уровень a
001 Контрольный номер RU/CBS_UL/BASE/8398a30ea47b42b7a06edd1c9d3810be
005 Дата корректировки 20260325152448.8
100 Данные общей обработки __
a Данные общей обработки 20260325 ||| 0rusy0189 ca
101 Язык документа 0_
a Язык текста rus
102 Страна публикации __
a Страна публикации RU
200 Заглавие и сведения об ответственности 1_
a Заглавие А вы правильно дышите?
e Сведения, относящиеся к заглавию [правильное дыхание является основой хорошего здоровья]
f Первые сведения об ответственности О. Пылёв
300 Общие примечания __
a Общие примечания 16+
461 Уровень набора _0
1 2000
a 60 лет - не возраст
463 Уровень физической единицы _0
1 2000
a № 3
v С. 26-30 : фото
1 2101
d 2026
1 001RU/CBS_UL/BASE/b73affc280b146d982f6594eadd81b74
606 Тематические рубрики 0_
a Основная рубрика Дыхательная гимнастика
610 Ключевые слова 0_
a Ключевые слова дыхание человека
610 Ключевые слова 0_
a Ключевые слова правильное дыхание
610 Ключевые слова 0_
a Ключевые слова дыхание правильное
610 Ключевые слова 0_
a Ключевые слова дыхательная гимнастика
610 Ключевые слова 0_
a Ключевые слова гимнастика дыхательная
610 Ключевые слова 0_
a Ключевые слова польза дыхательной гимнастики
610 Ключевые слова 0_
a Ключевые слова дыхательные упражнения
610 Ключевые слова 0_
a Ключевые слова упражнения дыхательные
686 Индексы других классификаций __
2 Код системы rubbk
a Классификационный индекс 75.691.4
700 Автор _1
a Фамилия Пылёв
b Имя (инициалы) О.
801 Источник записи _0
a Страна RU
b Организация МБУК ЦБС г. Ульяновска
c Дата составления 20260325
g Правила каталогизации RCR
801 Источник записи _1
a Страна RU
b Организация МБУК ЦБС г. Ульяновска
c Дата составления 20260325
g Правила каталогизации RCR
901 Тип документа __
t Тип документа b
w Контрольный № источника RU/CBS_UL/BASE/b73affc280b146d982f6594eadd81b74
909 Создатель записи __
a Создатель записи lib2